000 00619nam a2200193 4500
999 _c2757
_d2757
003 OSt
005 20201119101053.0
008 201119b ||||| |||| 00| 0 eng d
020 _a9781416062509
040 _aKABLIB
_cKABLIB
_dKABLIB
082 _223
_a616.107
_bKOS
100 _aKoster, Nancy K.
_97438
245 _aCardiovascular Imaging Review /
_cNancy K. Koster; Contributors: Davis, Bradley....(et al.).
260 _aPhiladelphia :
_bElsevier,
_cc2011.
300 _axiv, 171 p. :
_bill. ;
_c26 cm.
500 _aIncludes index.
700 _aBradley, Davis....(et al.),
_eContributor.
_97439
942 _2ddc
_cBOOK